French dealers revolt over UNIDROIT (Record no. 68614)

MARC details
000 -LEADER
fixed length control field 00711cam a2200193 4500
001 - CONTROL NUMBER
control field WB3739-01
008 - FIXED-LENGTH DATA ELEMENTS--GENERAL INFORMATION
fixed length control field 011018n2001 000 0 eng u
035 ## - SYSTEM CONTROL NUMBER
System control number (Sirsi) u115197
245 ## - TITLE STATEMENT
Title French dealers revolt over UNIDROIT
260 ## - PUBLICATION, DISTRIBUTION, ETC.
Date of publication, distribution, etc. 2001
490 ## - SERIES STATEMENT
Series statement RICS Antiques and Fine Arts Faculty News
Volume/sequential designation 17 October 2001, (1)
520 ## - SUMMARY, ETC.
Summary, etc. The Syndicat National des Antiquaires is calling upon the French Government to reject the UNIDROIT convention which enforces strict rules on the restitution of stolen art.
590 ## - LOCAL NOTE (RLIN)
Local note WB
650 ## - SUBJECT ADDED ENTRY--TOPICAL TERM
Topical term or geographic name entry element CONVENTION ON STOLEN OR ILLEGALLY EXPORTED CULTURAL OBJECTS 1995
650 ## - SUBJECT ADDED ENTRY--TOPICAL TERM
Topical term or geographic name entry element STOLEN ART
650 ## - SUBJECT ADDED ENTRY--TOPICAL TERM
Topical term or geographic name entry element FRANCE
690 ## - LOCAL SUBJECT ADDED ENTRY--TOPICAL TERM (OCLC, RLIN)
Topical term or geographic name as entry element Arts and antiques
9 (RLIN) 6217
942 ## - ADDED ENTRY ELEMENTS (KOHA)
Suppress in OPAC 0
Holdings
Withdrawn status Lost status Source of classification or shelving scheme Damaged status Not for loan Home library Current library Shelving location Date acquired Total Checkouts Full call number Barcode Date last seen Copy number Price effective from Koha item type
    Dewey Decimal Classification     London London News article 18/10/2001   WB3739-01 115197-1001 06/08/2019 1 06/08/2019 News article